000 00292cam a22001217a 4500
008 180718b1988 xxu||||| |||| 00| 0 eng d
082 _aB1 Sh23
100 _aSharma, S.S.
245 _aSocial system
_cby S.S. Sharma
260 _aMeerut
_bSarup
_c1988
300 _a124p.
650 _aSociology
999 _c354578
_d354578